000 00418nam a2200157Ia 4500
008 240729s9999 xx 000 0 und d
022 _a2038-8306
245 0 _aEuropean Journal of Histochemistry
260 _aItaly
260 _bPAGEPress Publications
650 _a Biology (General)
650 _aScience
856 _uhttps://doaj.org/toc/719762ebdb72443cb0aebe433d283f99
942 _2ddc
942 _cDOAJEJ
999 _c73334
_d73334
945 _a1
_bMadushi Gamage
_c1
_dMadushi Gamage